000
00321nam a22001337a 4500
008
181024b xxu||||| |||| 00| 0 eng d
020
_a
9780395868270
041
_a
eng
080
_2
3 ED
_a
370
100
_a
49
101
_a
EDU
245
_a
Child Development A Thematics Approach
_c
Bukatko.D
942
_2
udc
_c
BK
999
_c
50873
_d
50873